000 01276cam a22003497a 4500
003 CHAP
005 20220329142010.0
008 981211d1998 mx r 00110 spa d
010 _a76856
011 _a77828
035 _a87533
040 _cCHAP
090 _aTesis
100 0 0 _aCervantes Morales, Mario.
_921594
245 1 0 _aPrevalencia de especies del género Eimeria y géneros de nemátodos gastroentéricos en ovinos de la granja experimental de la Universidad Autónoma Chapingo
_c/por Mario Cervantes Morales
260 _aChapingo, Méx. :
_bEl autor,
_c1998.
300 _a67 h.
502 _aTesis (Ing. Agr. Esp. en Zootecnia) -- UACH. Departamento de Zootecnia
590 _aALEPH
_b10
_c20130110
_lUCH01
_h1427
590 _aBATCH-UPD
_b10
_c20130110
_lUCH01
_h1659
590 _aBATCH-UPD
_b10
_c20130410
_lUCH01
_h1047
590 _aBATCH-UPD
_b10
_c20130914
_lUCH01
_h1250
590 _aCONVERSION
_b10
_c20130109
_lUCH01
_h1342
650 1 4 _aEimeria.
_935809
650 1 4 _aGanado lanar
_xParásitos.
_945208
650 1 4 _aNemátodos parásitos de ovinos.
_980834
901 _aBK
905 _aAlejandra Carrasco M.
942 _cFOLL
949 _bBC
_cTES
_d33724000707063
_eTS2
_fc.2
_h33327
_i87533
_si
949 _bBC
_cTES
_d875331
_eTS1
_h33326
_i87533
_sb
999 _c76856
_d76856